One hundred and twenty fourth report on action taken by Government on the recommendations/observations of the department related parliamentary standing committee on commerce on rubber industry in India was presented to the Rajya Sabha and laid on the table of the LOk Sabha on 3rd May 2016. Part.1 (Record no. 64379)

MARC details
000 -LEADER
fixed length control field 00551nam a2200109Ia 4500
245 #0 - TITLE STATEMENT
Title One hundred and twenty fourth report on action taken by Government on the recommendations/observations of the department related parliamentary standing committee on commerce on rubber industry in India was presented to the Rajya Sabha and laid on the table of the LOk Sabha on 3rd May 2016. Part.1
260 ## - PUBLICATION, DISTRIBUTION, ETC. (IMPRINT)
Name of publisher Planters Chronicle
Year of publication 2016
300 ## - PHYSICAL DESCRIPTION
Number of Pages 21-29
650 ## - SUBJECT ADDED ENTRY--TOPICAL TERM
Topical Term Parliamentary committee report
942 ## - ADDED ENTRY ELEMENTS (KOHA)
Koha item type Journals
Holdings
Withdrawn status Lost status Damaged status Not for loan Home library Current library Shelving location Date acquired Serial Enumeration / chronology Koha item type
      Journals RRII Library RRII Library General 01/01/2021 Volume 112, Issue 6 Journals